| 000 | 00637nam a22002177a 4500 | ||
|---|---|---|---|
| 005 | 20240613011030.0 | ||
| 008 | 240613b |||||||| |||| 00| 0 eng d | ||
| 020 | _a9789162896072 | ||
| 082 |
_222 _a305 _bCAS |
||
| 100 | _aRasanen, jeeweshwaran Bahirathy | ||
| 245 |
_aCaste and nation- Building _bConstructing Vellalah identity in Jaffna _cBahirathy jeeweshwara rasanen |
||
| 260 |
_aSweden _bUniversity of Gothenburg _c2015 |
||
| 300 | _aviii, 255 p ., | ||
| 650 | _aVellalah Identity | ||
| 650 | _aCaste | ||
| 650 | _aNegotiation | ||
| 650 | _aTamils | ||
| 650 | _aNation-building | ||
| 650 | _aIdentification Area | ||
| 942 | _cL | ||
| 999 |
_c5894 _d5894 |
||